000 00262nam a2200109Ia 4500
008 240625s9999 xx 000 0 und d
041 _aeng
082 _a658.404 KLO
100 _aKLOPPENBORG
245 _aPROJECT MANAGEMENT A CONTEMPORARY APPROA
260 _c2006
999 _c35056
_d35056